| 000 | 00721cam a2200217 4500 | ||
|---|---|---|---|
| 001 | BIIH005274 | ||
| 008 | 19911991 spa | ||
| 020 | _a9682929865 | ||
| 035 | _aBIIH005274 | ||
| 245 | 1 | 0 |
_aHaciendas, pueblos y comunidades : Los valles de Mexico y Toluca entre 1530 y 1916 / _cManuel Miño Grijalba compilador. |
| 260 |
_aMéxico : _bCONACULTA, _cc1991 |
||
| 300 |
_a343 p. ; _c21 cm. |
||
| 440 | 0 | _aRegiones | |
| 500 | _a4 ejemplares | ||
| 504 | _aIncluye bibliografia | ||
| 651 | 4 |
_aMéxico (Estado) _xHistoria _y1531-1916 |
|
| 651 | 4 |
_aToluca, México (Estado) _xHistoria _y1530-1916 |
|
| 700 | 1 | _aMiño Grijalvo, Manuel, comp. | |
| 942 |
_2lcc _cLIB |
||
| 999 |
_c86735 _d86735 |
||